000 00979nam0a22002651 4500
001 v19\rc\1831624
005 20071224120708.2
035 _a(NLR Aleph) 004927168
090 _a5640722
_c5640722
100 _a20071224d1908 |||y0rusy50 ca
101 0 _arus
102 _aRU
105 _ay j |||||
200 1 _aИстория военного искусства с древних времен до Бонапарта
_eЛекции Ген. штаба полк. Елчанинова. 1907-8 учеб. г.
210 _aСанкт-Петербург
_cтипо-лит. И. Трофимова
_d1908
215 _a[2], 268, 104, 13 с.
_d35
309 _aНапеч. на пиш. маш. Литогр.
700 1 _aЕлчанинов
_bА. Г.
_f1868-
_gАндрей Георгиевич
801 0 _aRU
_bNLR
_gpsbo
801 0 _aRU
_bRuMoRGB
_2psbo
801 1 _aRU
_bProSoft-M
_2rusmarc
852 _aNLR
_j17.151.1.25
899 _aRuMoRGB
_jΔ 54/6
942 _cBOOK
980 _aNB